| 000 | 00712nam a2200205Ia 4500 | ||
|---|---|---|---|
| 003 | GCL | ||
| 008 | 140319s9999 xx 000 0 ara d | ||
| 020 | _a465378 7 97 | ||
| 040 |
_aGCL / _cGCL |
||
| 082 | 0 | 4 |
_a219.1 _bج خ |
| 100 | 1 | _aجمال البنا | |
| 245 | 1 | 0 |
_aختان البنات : _bليس سنة ولامكرمة ولكن جريمة / _cجمال البنا |
| 260 |
_aالقاهرة : _bدار الفكر الاسلامى ، _c2005 |
||
| 300 |
_a120 ص ؛ _c24 سم |
||
| 650 | 0 | 4 | _aالاحكام الشرعية |
| 650 | 0 | 4 | _aالاسلام والاصلاح الاجتماعى |
| 650 | 0 | 4 | _aالامراض التناسلية |
| 650 | 0 | 4 | _aالختان فى الاسلام |
| 942 |
_2ddc _cBK |
||
| 999 |
_c8553 _d8553 |
||